Дело по указу Сената о доставлении заключения по делу о неправильных действиях Таганрогского полицеймейстера Полозова

Доступно только в Электронных читальных залах Найти на картеНа карте
RUSMARC
00003706nmc2a22000003x 450
001fd5dd175-4aee-43c8-8bfb-b6a24bc23395
00520181012213007.0
100##$a20161006l18491851k l0rusy0189 ca
1010#$arus
102##$aRU
2001#$aДело по указу Сената о доставлении заключения по делу о неправильных действиях Таганрогского полицеймейстера Полозова
$j8 июля 1849 г. - 27 февраля 1851 г.
251##$cДело
300##$aДело
801#0$aRU
$bРГИА
$c20161006
$gRCR
801#1$aRU
$bГлавНИВЦ
$c20161006
$2rusmarc
801#2$aRU
$bПБ им. Б.Н. Ельцина
$c20181012
$gRCR
$2rusmarc
850##$aРГИА
852##$aРГИА
$eФедеральное казенное учреждение "Российский государственный исторический архив" (РГИА)
$j1917
937##$hРГИА
$d12216947
$aASBIBLIO_SCAN
462#0$10011f2612a5-dcc7-4853-9c3b-606260869072
$12001
$a1848-1849 гг. Дела Департамента полиции исполнительной МВД за 1849 г.
$1251
$cОпись
$1852
$j11
461#0$10013e300ed0-cd39-49af-8489-5ba5b90fa401
$12001
$aДепартамент полиции исполнительной МВД
$1251
$cФонд
$1852
$j1286
215##$a19 л.
$d36,5х26 см
371##$aДокумент не является опубликованным и широко распространяемым
105##$ay###
1222#$ad
035##$afd5dd175-4aee-43c8-8bfb-b6a24bc23395
856##$uhttp://readingroom.main.prlib.ru/item.aspx?id_node=n119266100&mode=full
Формат отображения